[Event "New Delhi Parsvnath blitz op 18th"]
[Site "New Delhi"]
[Date "2020.01.14"]
[Round "4"]
[White "Aashman, Gupta"]
[Black "Khaire, Ketan R"]
[Result "1-0"]
[WhiteElo "1698"]
[BlackElo "1975"]
[PlyCount "105"]
[EventDate "2020.01.14"]
[EventType "swiss (blitz)"]
[EventRounds "9"]
[EventCountry "IND"]
[SourceTitle "CBM 194 Extra"]
[Source "ChessBase"]
[SourceDate "2020.03.31"]
[SourceVersion "1"]
[SourceVersionDate "2020.03.31"]
[SourceQuality "1"]

1. d4 d5 2. Bf4 Nf6 3. e3 e6 4. c3 c5 5. Nd2 Nc6 6. Ngf3 Bd6 7. Bg3 0-0 8. Bd3 Re8 9. Ne5 Bf8 10. Qf3 cxd4 11. exd4 Nxe5 12. dxe5 Nd7 13. h4 f5 14. Bf4 Nc5 15. Bc2 Ne4 16. Qe3 Bd7 17. f3 Nxd2 18. Qxd2 Bb5 19. Bd3 Qb6 20. Bxb5 Qxb5 21. Qe2 Qb6 22. Be3 Qc6 23. Bd4 a6 24. 0-0 b5 25. Qe3 Be7 26. g3 Rf8 27. f4 h5 28. Kh2 Rfc8 29. Rfc1 a5 30. Rc2 Ra6 31. Rac1 Qd7 32. Qe2 Qb7 33. Qxh5 Rac6 34. a3 Rc4 35. Qg6 Qd7 36. h5 Bf8 37. h6 Qe8 38. Qxe8 Rxe8 39. hxg7 Kxg7 40. Kg2 Rec8 41. Kf3 b4 42. axb4 axb4 43. Ke3 b3 44. Rh2 Ra8 45. Rch1 Kf7 46. Rh7+ Bg7 47. g4 Kg6 48. gxf5+ exf5 49. R7h2 Rcc8 50. Rg1+ Kf7 51. e6+ Kxe6 52. Rxg7 Rg8 53. Rh6# 1-0

[Event "New Delhi Parsvnath blitz op 18th"]
[Site "New Delhi"]
[Date "2020.01.14"]
[Round "9"]
[White "Anishka, Vikram"]
[Black "Khaire, Ketan R"]
[Result "0-1"]
[WhiteElo "1545"]
[BlackElo "1975"]
[PlyCount "140"]
[EventDate "2020.01.14"]
[EventType "swiss (blitz)"]
[EventRounds "9"]
[EventCountry "IND"]
[SourceTitle "CBM 194 Extra"]
[Source "ChessBase"]
[SourceDate "2020.03.31"]
[SourceVersion "1"]
[SourceVersionDate "2020.03.31"]
[SourceQuality "1"]

1. d4 d5 2. c4 c6 3. cxd5 cxd5 4. Nc3 a6 5. Bf4 Nf6 6. Nf3 e6 7. e3 Bd6 8. Bxd6 Qxd6 9. Bd3 Nc6 10. a3 h6 11. Rc1 Bd7 12. b4 Na7 13. Ne5 Rc8 14. Qd2 Ke7 15. Ke2 Rhd8 16. Na2 Bb5 17. Bxb5 Nxb5 18. a4 Ne4 19. Qd3 Na7 20. f3 Nf6 21. Rc5 Nd7 22. Nxd7 Qxd7 23. a5 Qa4 24. Qd2 Rxc5 25. dxc5 Nb5 26. Nc3 Qb3 27. Nxb5 axb5 28. Rc1 e5 29. Qc3 Qc4+ 30. Kf2 f6 31. Qd2 Qb3 32. Qc3 Qxc3 33. Rxc3 d4 34. exd4 Rxd4 35. Rb3 Ke6 36. Ke3 Kd5 37. Rb1 Kc4 38. c6 bxc6 39. a6 Rd3+ 40. Ke2 Ra3 41. Rc1+ Kd5 42. Rd1+ Ke6 43. a7 Rxa7 44. Rc1 Kd6 45. Kd3 Ra2 46. Rg1 f5 47. Kc3 Ra3+ 48. Kb2 Rd3 49. g4 f4 50. Rf1 g5 51. h3 Kd5 52. Rf2 c5 53. bxc5 Kxc5 54. Re2 Kd4 55. Re4+ Kd5 56. Rb4 Kc6 57. Re4 Rxf3 58. Rxe5 Rxh3 59. Re6+ Kd5 60. Rb6 Kc4 61. Rc6+ Kb4 62. Kc2 Rh2+ 63. Kd3 Rh3+ 64. Ke4 f3 65. Rf6 Rg3 66. Kf5 Kc3 67. Rxh6 f2 68. Rh1 Rf3+ 69. Ke4 f1Q 70. Rxf1 Rxf1 0-1

[Event "New Delhi Parsvnath blitz op 18th"]
[Site "New Delhi"]
[Date "2020.01.14"]
[Round "2"]
[White "Sathish, Chandra G"]
[Black "Khaire, Ketan R"]
[Result "0-1"]
[WhiteElo "1668"]
[BlackElo "1975"]
[PlyCount "62"]
[EventDate "2020.01.14"]
[EventType "swiss (blitz)"]
[EventRounds "9"]
[EventCountry "IND"]
[SourceTitle "CBM 194 Extra"]
[Source "ChessBase"]
[SourceDate "2020.03.31"]
[SourceVersion "1"]
[SourceVersionDate "2020.03.31"]
[SourceQuality "1"]

1. e4 e6 2. d4 d5 3. e5 c5 4. c3 Nc6 5. Be3 Qb6 6. Qd2 cxd4 7. cxd4 Nge7 8. Nf3 Bd7 9. Nc3 Nf5 10. g4 Nxe3 11. fxe3 h5 12. g5 g6 13. h4 Bb4 14. Bd3 Rc8 15. Kf2 Ne7 16. Rhc1 0-0 17. a3 Bxc3 18. Rxc3 Bb5 19. Rac1 Rxc3 20. Rxc3 Bxd3 21. Qxd3 Qxb2+ 22. Rc2 Qb6 23. Qc3 Nf5 24. Qc7 Qb1 25. Re2 a6 26. Qc2 Qh1 27. Qc7 b5 28. Qb7 Qh3 29. Rc2 Qg3+ 30. Ke2 Qg2+ 31. Kd3 Qxf3 0-1